Documentation encyclopaedia of UNESCO and education (Record no. 916228)

MARC details
000 -LEADER
fixed length control field 00857nam a2200277Ia 4500
003 - CONTROL NUMBER IDENTIFIER
control field OSt
005 - DATE AND TIME OF LATEST TRANSACTION
control field 20221002051219.0
008 - FIXED-LENGTH DATA ELEMENTS--GENERAL INFORMATION
fixed length control field 220930b |||||||| |||| 00| 0 eng d
037 ## - SOURCE OF ACQUISITION
Terms of availability Reference Collections
040 ## - CATALOGING SOURCE
Original cataloging agency CRL
Transcribing agency CRL
Language of cataloging eng
041 ## - LANGUAGE CODE
Source of code eng
Language code of text/sound track or separate title eng
100 ## - MAIN ENTRY--PERSONAL NAME
Personal name Aggarwal J C
245 #0 - TITLE STATEMENT
Title Documentation encyclopaedia of UNESCO and education
260 ## - PUBLICATION, DISTRIBUTION, ETC.
Place of publication, distribution, etc. New Delhi
Name of publisher, distributor, etc. Concept
Date of publication, distribution, etc. 1991
300 ## - PHYSICAL DESCRIPTION
Extent 419p, 427-799p
Dimensions cm.
500 ## - GENERAL NOTE
General note Concepts in communication informatics and librarianship, 16
650 ## - SUBJECT ADDED ENTRY--TOPICAL TERM
Topical term or geographic name entry element HISTORY
650 ## - SUBJECT ADDED ENTRY--TOPICAL TERM
Topical term or geographic name entry element DOCUMENTATION
9 (RLIN) 180838
700 ## - ADDED ENTRY--PERSONAL NAME
Personal name Agrawal S P
942 ## - ADDED ENTRY ELEMENTS (KOHA)
Classification part V1N4:(2:97)k, N1.1-;2 ( RR )
Koha item type
Source of classification or shelving scheme Colon Classification (CC)
Holdings
Withdrawn status Lost status Damaged status Not for loan Home library Current library Date acquired Total Checkouts Full call number Barcode Date last seen Price effective from Koha item type
        Central Library Central Library 2022-10-02   V1N4:(2:97)k N1.1-;2 ( RR ) CL1038537 2022-10-02 2022-10-02  
Copyright @ Delhi University Library System